000
00322nam a2200133Ia 4500
005
20260328101449.0
008
260328s9999||||xx |||||||||||||| ||und||
100
_a
Ricard, Joan
245
0
_a
Grandes Maestros de la Pintura :
_b
Renoir /
_c
Joan Ricard
260
_b
Sol 90
300
_a
96 p.
650
_a
ARTE
942
_c
BK
999
_c
8571
_d
8571